000 00489nam a22001931 4500
003 OSt
005 20190716103818.0
008 900725s1959 sp spa
040 _aSpMaBN
_cBMC
082 _a910.4
100 _aCamba, Julio
_d1882-1962
_914
245 1 3 _aUn año en el otro mundo
_cJulio Camba
250 _a3ª ed
260 0 _aMadrid
_bEspasa-Calpe
_c1959
300 _a168 p.
_c18 cm
490 0 _aAustral
_v714
650 2 4 _9524
_aLiteratura de viajes
942 _2ddc
_cBK
999 _c521
_d521